E.R. - Name the episode #25 - Statistics

General Stats
  • This quiz has been taken 2 times
  • The average score is 6 of 17
Answer Stats
Hint Answer % Correct
Drove to Colorado to find Alex Canon City
100%
Met Doug Ross and Carol Hathaway Old Times
100%
Reunited with her sister A Long, Strange Trip
50%
Killed her ex-husband after he raped her Bloodline
50%
Went to couple's therapy with Luka Carter est amoureux
50%
Almost lost Alex in a car crash Let It Snow
50%
First day at County Out of Africa
50%
Became friend with a photographer patient Photographs and Memories
50%
Lost her mother What We Do
50%
Went riding with the paramedics 300 Patients
0%
First kiss with Tony Atonement
0%
Had to fire Haleh Dream House
0%
Ran away from her ex-husband Drive
0%
First kiss with Luka Impulse Control
0%
Lost her appartment in a fire Murmurs of the Heart
0%
Hired as a private nurse by a rich patient Out on a Limb
0%
Helped a patient arrest her rapist White Guy, Dark Hair
0%
No matching quizzes found
Score Distribution
Percent of People with Each Score
Percentile by Number Answered
Your Score History
You have not taken this quiz